University Home | Library Home | Institutional Repository

James Joyce's dubliners. (Record no. 8385)

MARC details
000 -LEADER
fixed length control field 00591cam0a220021700 4500
001 - CONTROL NUMBER
control field zam00002614
008 - FIXED-LENGTH DATA ELEMENTS--GENERAL INFORMATION
fixed length control field 951128s1969 xx eng u
035 ## - SYSTEM CONTROL NUMBER
System control number (Sirsi) r19965
035 ## - SYSTEM CONTROL NUMBER
System control number (MACHINE)SLC.
100 ## - MAIN ENTRY--PERSONAL NAME
Personal name Hart, C.
Linkage A81104.1
245 10 - TITLE STATEMENT
Title James Joyce's dubliners.
260 ## - PUBLICATION, DISTRIBUTION, ETC.
Date of publication, distribution, etc. 1969.
591 ## -
-- Class code: E 460.
591 ## -
-- Course: Modern literature.
591 ## -
-- School: S05.
591 ## -
-- Lecturer: Dr. MUNATAMBA, P.M.
591 ## -
-- Number of Students: 11.
949 ## - LOCAL PROCESSING INFORMATION (OCLC)
a PR6019.09.D828
w lcc
m MAIN
p 2500
t SHORTLOAN
l SHORTLOAN
909 ## -
-- Book
Holdings
Withdrawn status Lost status Source of classification or shelving scheme Damaged status Not for loan Home library Current library Shelving location Total Checkouts Full call number Barcode Date last seen Copy number Price effective from Koha item type
    Library of Congress Classification     Main Library Main Library Academic reserves/Short loan   PR6019.09.D828 64509-1001 08/12/2019 1 08/12/2019 Short Loan material
© 2026 - The University of Zambia Library - Koha v25.11